000 00379nam a22001577a 4500
999 _c6087
_d6085
005 20210825130151.0
008 200314b xxu||||| |||| 00| 0 eng d
020 _a978-81-7473-271-2
041 _aeng
100 _aPANDA,DR. U N
_96615
245 _aHANDBOOK OF ANATOMY
260 _aDELHI
_bAITBS PUBLISHERS INDIA
300 _a205p,
650 _aPHARMACY
_96616
942 _cBK